000 01501cam a22003494a 4500
001 12034845
003 OSt
005 20140410093748.0
008 000608s2000 flua j 000 0 eng
010 _a 00044897
020 _a0439323371
020 _a1558748008 (tradepaper)
040 _aDLC
_cDLC
_dDLC
042 _apcc
_alcac
050 0 0 _aBJ 1631
_b.C465 2000
245 0 0 _aChicken soup for the preteen soul :
_b101 stories of changes, choices, and growing up for kids ages 9-13 /
_c[compiled by] Jack Canfield ... [et al.].
260 _aDeerfield Beach, Fla. :
_bHealth Communications,
_cc2000.
300 _axxiii, 386 p. :
_bill. ;
_c23 cm.
521 _aG5
526 _c780
650 0 _aPreteens
_xConduct of life
_vAnecdotes.
_927045
650 1 _aConduct of life.
_91175
700 1 _aCanfield, Jack,
_d1944-
_927046
856 4 1 _3Sample text
_uhttp://www.loc.gov/catdir/enhancements/fy0727/00044897-s.html
856 4 2 _3Publisher description
_uhttp://www.loc.gov/catdir/enhancements/fy0727/00044897-d.html
856 4 2 _3Contributor biographical information
_uhttp://www.loc.gov/catdir/enhancements/fy0735/00044897-b.html
906 _a7
_bcbc
_corignew
_d1
_eocip
_f20
_gy-gencatlg
942 _2lcc
_cBK
999 _c34341
_d34341